Normal view
MARC view
Entry Topical Term
001 - CONTROL NUMBER
- control field: 3468
003 - CONTROL NUMBER IDENTIFIER
- control field: ARRUPE
005 - DATE AND TIME OF LATEST TRANSACTION
- control field: 20131107131436.0
008 - FIXED-LENGTH DATA ELEMENTS
- fixed length control field: 131107|| aca||aabn | a|a d
040 ## - CATALOGING SOURCE
- Original cataloging agency: ARRUPE
- Transcribing agency: ARRUPE
150 ## - HEADING--TOPICAL TERM
- Topical term or geographic name as entry element: Women, Igbo.
670 ## - SOURCE DATA FOUND
- Source citation: Work cat.: (ARRUPE)0: Agbasiere, Joseph Thérèse, 1929-1998. 3467, Women in Igbo life and thought /, 2000.